2025世界品牌200强 - 附带logo提示版本 - Statistics

General Stats
  • This quiz has been taken 119 times
  • The average score is 109 of 200
Answer Stats
排名 国家 企业 核心领域 % Correct
1 USA 苹果 (Apple) 科技
99%
6 USA 华为 (Huawei) 科技
99%
13 USA 丰田 (TOYOTA) 汽车
99%
7 USA 三星 (SAMSUNG) 科技
98%
12 USA 腾讯 (Tencent) 社交
98%
4 USA 亚马逊 (Amazon) 零售
96%
8 USA 字节跳动 (ByteDance) 社交
96%
9 USA 脸书 (Facebook) 社交
96%
3 USA 谷歌 (Google) 科技
96%
2 USA 微软 (Microsoft) 科技
96%
20 USA 宝马 (BMW) 汽车
95%
29 USA 麦当劳 (McDonald's) 餐饮
95%
36 USA 耐克 (NIKE) 运动品牌
95%
10 USA 特斯拉 (Tesla) 汽车
95%
28 USA 中国银行 (Bank of China) 银行/金融
94%
11 USA 中国工商银行 (ICBC) 银行/金融
94%
37 USA 路易威登 (Louis Vuitton) 奢饰品
94%
25 USA 星巴克 (Starbucks) 餐饮
93%
62 USA 本田 (Honda) 汽车
92%
16 USA 奔驰 (Mercedes-Benz) 汽车
92%
35 USA 大众 (Volkswagen) 汽车
92%
21 USA 中国农业银行 (ABC) 银行/金融
90%
54 USA 阿里巴巴 (Alibaba) 零售
90%
116 USA 中国电信 (China Telecom) 通信
90%
52 USA 三菱集团 (Mitsubishi) 汽车
90%
87 USA 百事 (Pepsi) 食品饮料
90%
44 USA 中国平安 (Ping An) 保险
90%
5 USA 沃尔玛 (Walmart) 零售
90%
88 USA 奥迪 (Audi) 汽车
89%
94 USA 中国人寿 (China Life) 保险
89%
24 USA 可口可乐 (Coca-Cola) 食品饮料
89%
27 USA 贵州茅台 (Moutai) 酒精
89%
34 USA 中国移动 (China Mobile) 通信
88%
63 USA 现代 (Hyundai) 汽车
88%
40 USA 壳牌 (Shell) 石油和天然气
88%
115 USA 索尼 (Sony) 科技
88%
14 USA 国家电网 (State Grid) 公用事业
88%
158 USA 阿迪达斯 (Adidas) 运动品牌
87%
19 USA 中国建设银行 (CCB) 银行/金融
87%
70 USA 福特 (Ford) 汽车
87%
140 USA 肯德基 (KFC) 餐饮
87%
119 USA 美的 (Midea) 电器
87%
38 USA 中国石油 (PetroChina) 石油和天然气
87%
56 USA 油管 (YouTube) 社交
87%
124 USA 百度 (Baidu) 科技
86%
77 USA 京东 (JD.com) 零售
86%
100 USA LG集团 (LG) 科技
86%
23 USA 英伟达 (NVIDIA) 科技
86%
72 USA 比亚迪 (BYD) 汽车
85%
39 USA 保时捷 (PORSCHE) 汽车
85%
69 USA 西门子 (Siemens) 电器
85%
80 USA 照片墙 (Instagram) 社交
83%
92 USA 英特尔 (Intel) 科技
82%
155 USA 日产 (Nissan) 汽车
82%
111 USA 拼多多 (Pinduoduo) 零售
82%
104 USA 宜家 (IKEA) 零售
81%
107 USA 五粮液 (Wuliangye) 酒精
80%
113 USA 迪奥 (DIOR) 奢饰品
79%
136 USA 海尔 (Haier) 电器
79%
166 USA 荷兰国际集团 (ING) 金融
79%
82 USA 中石化 (Sinopec) 石油和天然气
79%
22 USA 迪士尼 (Disney) 社交/娱乐
77%
45 USA 维萨 (VISA) 商业服务
77%
71 USA 奈飞 (Netflix) 社交/娱乐
76%
79 USA USA 台积电 (TSMC) 科技
76%
59 USA 花旗 (Citi group) 银行/金融
75%
138 USA 波音 (Boeing) 飞机/国防
74%
194 USA 太平洋保险 (CPIC) 保险
74%
78 USA 通用电气 (General Electric) 工程和建筑
74%
160 USA 美团 (Meituan) 服务
74%
81 USA 宝洁 (P&G) 日用品
74%
165 USA 沃尔沃 (VOLVO) 汽车
74%
176 USA 7-Eleven (7-Eleven) 零售
71%
193 USA 法拉利 (Ferrari) 汽车
71%
200 USA 格力 (GREE) 电器
71%
65 USA 招商银行 (CMB) 银行/金融
70%
157 USA 起亚 (KIA) 汽车
69%
75 USA 香奈儿 (CHANEL) 奢饰品
68%
188 USA 中粮集团 (COFCO) 农业
67%
122 USA 古驰 (GUCCI) 奢饰品
67%
73 USA 汇丰 (HSBC) 银行/金融
67%
55 USA 国际商业机器 (IBM) 商业服务/消费
67%
89 USA 宁德时代 (CATL) 科技
65%
85 USA 中国建筑 (CSCEC) 工程和建筑
65%
58  USA 雀巢 (Nestle) 食品饮料
65%
128  USA 劳力士 (Rolex) 奢饰品
65%
118 USA 联合利华 (Unilever) 日用品
65%
68 USA 联邦快递 (FedEx) 物流
64%
57 USA 万宝路 (Marlboro) 香烟
64%
67 USA 万事达 (Mastercard) 商业服务
64%
187 USA 优衣库 (UNIQLO) 服饰
63%
121 USA 飒拉 (ZARA) 服饰
63%
101 USA 中信集团 (CITIC Group) 多元化
62%
33 USA 摩根大通 (J.P. Morgan) 银行/金融
62%
139 USA 欧莱雅 (L'Oreal) 日用品/化妆品
62%
26 USA 甲骨文 (Oracle) 科技
62%
110 USA 爱马仕 (HERMES) 奢饰品
61%
123 USA 贝宝 (PayPal) 商业服务/消费
61%
197 USA 雪佛兰 (Chevrolet) 汽车
60%
17 USA 美国电话电报 (AT & T) 通信
58%
50 USA 联合包裹 (UPS) 物流
57%
170 USA 家乐福 (Carrefour) 零售
56%
147 USA 敦豪 (DHL) 物流
56%
142 USA 山姆 (Sam's Club) 零售
56%
130 USA 交通银行 (BOCOM) 银行/金融
55%
31 USA USA 华润 (China Resources) 房地产/多元化
55%
32 USA 沙特阿美 (Saudi Aramco) 石油和天然气
55%
171 USA 空中客车 (Airbus) 飞机/国防
52%
41 USA 美国银行 (Bank of America) 银行/金融
52%
91 USA 戴尔 (DELL) 科技
52%
152 USA 日立 (Hitachi) 工程和建筑
52%
120 USA 领英 (LinkedIn) 社交
52%
181 USA 保利集团 (Poly Group) 房地产/多元化
51%
103 USA 英国石油 (BP) 石油和天然气
50%
172 USA 惠普 (HP) 科技
50%
15 USA 德国电信 (Deutsche Telekom) 通信
49%
99 USA 博世 (BOSCH) 汽车部件/电器
48%
108 USA 奥多比 (Adobe) 科技
46%
43 USA 开市客 (Costco) 零售
46%
177 USA 沙特电信 (STC) 通信
42%
125 USA 中国中铁 (CREC) 工程和建筑
40%
192 USA 万豪国际 (Marriott International) 酒店
40%
102 USA 塔吉特 (Target) 零售
40%
141 USA 松下 (Panasonic) 科技
39%
61 USA 塔塔集团 (Tata Group) 多元化
39%
18 USA 威瑞森 (Verizon) 通信
39%
46 USA 思科 (Cisco) 科技
37%
83 USA 埃克森美孚 (ExxonMobil) 石油和天然气
37%
146 USA 强生 (Johnson & Johnson) 制药/医疗产品
37%
145 USA 摩根士丹利 (Morgan Stanley) 金融
37%
30 USA 安联 (Allianz) 保险
36%
131 USA 卡特彼勒 (Caterpillar) 工程和建筑
36%
106  USA 瑞银集团 (UBS) 银行/金融
36%
161 USA 缤客 (Booking.com) 旅游
35%
183 USA 百威 (Budweiser) 酒精
35%
133 USA SK集团 (SK Group) 通信
35%
168 USA 兴业银行 (CIB) 银行/金融
32%
150 USA 中国人保 (PICC) 保险
32%
112 USA 沃达丰 (Vodafone) 通信
32%
48 USA 美国运通 (America Express) 商业服务
31%
74 USA 安永 (Ernst & Young) 商业服务
31%
86 USA 三井 (MITSUI) 多元化
31%
143 USA 中国铁建 (CRCC) 工程和建筑
30%
95 USA 优步 (Uber) 服务
30%
53 USA 富国银行 (Wells Fargo) 银行/金融
30%
129 USA 奥乐齐 (ALDI) 零售
29%
149 USA 普华永道 (PWC) 商业服务
29%
64 USA 康卡斯特 (Comcast) 通信
27%
76 USA 西维斯健康 (CVS Health) 零售
27%
49 USA 德勤 (Deloitte) 商业服务
27%
144 USA 高盛 (Goldman sachs) 银行/金融
27%
148 USA 乐购 (Tesco) 零售
27%
42 USA 家得宝 (Home Depot) 零售
26%
126 USA 多伦多道明银行 (TD Bank) 银行/金融
26%
97 USA 桑坦德银行 (Santander) 银行/金融
25%
182 USA 软银 (SoftBank) 通信
25%
151 USA 巴黎银行 (BNP Paribas) 银行/金融
24%
175 USA 国家能源集团 (CHN Energy) 公用事业
24%
127 USA 毕马威 (KPMG) 商业服务
24%
134 USA 雪佛龙 (Chevron) 石油和天然气
23%
114 USA 住友 (SUMITOMO) 投资
23%
180 USA 意大利国家电力 (ENEL) 公用事业
21%
163 USA 马石油 (PETRONAS) 石油和天然气
21%
96 USA 道达尔能源 (Total Energies) 石油和天然气
21%
174 USA USA 友邦 (AIA) 保险
20%
60 USA 日本电报电话 (NTT Group) 通信
19%
93 USA 法国电信 (Orange) 通信
19%
105 USA 安盛 (AXA) 保险
18%
84 USA 劳氏 (Lowe's) 零售
18%
173 USA 第一资本金融 (Capital One) 金融
17%
66 USA 思艾普 (SAP) 科技
17%
51 USA 联合健康 (UnitedHealth) 卫生保健
17%
178 USA 巴克莱银行 (Barclays) 银行/金融
15%
117 USA 加拿大皇家银行 (RBC) 银行/金融
15%
98 USA 赛富时 (Salesforce) 科技
15%
47 USA 埃森哲 (Accenture) 商业服务
14%
162 USA KDDI电信 (KDDI) 通信
14%
137 USA 利德尔 (Lidl) 零售
14%
153 USA 约翰迪尔 (John Deere) 工程和建筑
13%
191 USA 标普全球 (S&P Global) 商业服务
13%
167 USA 霍尼韦尔 (Honeywell) 工程和建筑
12%
156 USA 沃联博 (Walgreens Boots Alliance) 零售
10%
154 USA 卡地亚 (Cartier) 奢饰品
8%
199 USA 信实工业 (Reliance) 石油和天然气
8%
190 USA 博通 (Broadcom) 科技
7%
132 USA 艾丽温思健康 (Elevance Health) 卫生保健
7%
179 USA 前进保险 (Progressive) 保险
7%
185 USA 丰业银行 (ScotiaBank) 银行/金融
7%
90 USA 特许通讯 (Charter Communications) 通信
6%
198 USA 信诺集团 (Cigna Group) 卫生保健
6%
135 USA 法国电力 (EDF) 公用事业
6%
169 USA 哈门那 (Humana) 卫生保健
6%
196 USA 三菱日联金融 (MUFG) 金融
6%
186  USA 安达保险 (Chubb) 保险
5%
195 USA 库世塔德 (Couche-Tard) 零售
5%
184 USA 大众超级市场 (Publix Super Markets) 零售
5%
109 USA 阿布扎比国家石油 (ADNOC) 石油和天然气
4%
159 USA 阿联酋电信 (Emirates Telecom) 通信
4%
164 USA 万喜集团 (VINCI) 工程和建筑
4%
189 USA 法能集团 (Engie) 公用事业
0%
No matching quizzes found
Score Distribution
Percent of People with Each Score
Percentile by Number Answered
Your Score History
You have not taken this quiz